Streets Won't Forget 3 (random footballers) - Statistics

General Stats
  • This quiz has been taken 36 times
  • The average score is 9 of 16
Answer Stats
Picture Answer % Correct
Nabil Fekir
88%
Marcos Rojo
81%
Gylfi Sigurdsson
78%
Layvin Kurzawa
78%
Gerard Deulofeu
69%
Graziano Pelle
69%
Martin Caceres
63%
Kevin Mirallas
56%
Aaron Mooy
53%
Eduardo Vargas
50%
Enner Valencia
47%
Fredy Guarin
44%
Jefferson Farfan
44%
Romain Alessandrini
44%
Taison
44%
Joel Campbell
38%
No matching quizzes found
Score Distribution
Percent of People with Each Score
Percentile by Number Answered
Your Score History
You have not taken this quiz